| 000 | 00850nam a22002417a 4500 | ||
|---|---|---|---|
| 008 | 110914s2011 enk|||||r|||| 000 0 eng d | ||
| 020 | _a1848735863 | ||
| 020 | _a9781848735866 | ||
| 082 |
_222 _a658 _bPRE |
||
| 100 |
_927191 _aPreston, Diane |
||
| 245 |
_aWhat is a Business. Book 1 / _cWritten by Diane Preston with contributions from Mick Fryer and George Watson |
||
| 250 | _a4th ed. | ||
| 260 |
_aMilton Keynes, MK : _bBusiness School, The Open University, 2011. _c2011. |
||
| 300 |
_a110 p. : _bill. ; _c30 cm. |
||
| 490 |
_927189 _aAn Introduction to Business Studies ; _nB120 _vBook 1 |
||
| 504 | _aIncludes bibliographical references p.85 | ||
| 650 |
_91569 _aIndustrial management |
||
| 650 |
_919142 _aBusiness. |
||
| 653 |
_bBus _cSeptember2011 |
||
| 700 |
_927192 _aFryer, Mick |
||
| 700 |
_927193 _aWatson, George |
||
| 942 |
_2ddc _cBB |
||
| 999 |
_c16033 _d16033 |
||